Cartas espirituales: selección
שמור ב:
| מחבר ראשי: | |
|---|---|
| פורמט: | ספר |
| שפה: | ספרדית |
| יצא לאור: |
Buenos Aires
Emece
1947
|
| סדרה: | Biblioteca del peregrino
|
| נושאים: | |
| תגים: |
הוספת תג
אין תגיות, היה/י הראשונ/ה לתייג את הרשומה!
|
MARC
| LEADER | 00000nam a2200000 a 4500 | ||
|---|---|---|---|
| 001 | UCV8904 | ||
| 003 | CL-VaPUC | ||
| 008 | 920303e19470000AG |||||||||||||||||spa|d | ||
| 082 | 0 | 4 | |a 856 |b CAT |2 21 |
| 100 | 0 | |a Santa Catalina de Siena |e author |9 267294 | |
| 245 | 1 | 0 | |a Cartas espirituales: selección |
| 300 | |a 280 p | ||
| 942 | |c BK | ||
| 945 | |d 19920303 00:00:00 | ||
| 260 | |a Buenos Aires |b Emece |c 1947 | ||
| 600 | 0 | 7 | |a SANTA CATALINA DE SIENA |2 CL-VaPUC |9 267294 |
| 650 | 0 | |a Correspondencia |9 258963 | |
| 583 | |a last modification |c 19920303 00:00:00 |k Rodrigo Vera | ||
| 490 | 0 | |a Biblioteca del peregrino | |
| 999 | |c 214322 |d 214320 | ||
| 952 | |0 0 |1 0 |4 0 |6 856_000000000000000_CAT_1947 |7 0 |8 P |9 197565 |a BIBARQ |b BIBARQ |d 2019-11-14 |i 2652358 |o 856 CAT 1947 |p 2652358 |r 2025-01-20 |w 2019-11-14 |y BK |k ARQ | ||